5HLuxD.jpg

KING HENRY VIII SENIOR AND PRIMARY SCHOOL LIBRARY OPAC

The catcher in the rye / (Record no. 652)

000 -LEADER
fixed length control field 00879 am a2200289ua 4500
001 - CONTROL NUMBER
control field 011304468
003 - CONTROL NUMBER IDENTIFIER
control field OSt
005 - DATE AND TIME OF LATEST TRANSACTION
control field 20190911122209.0
008 - FIXED-LENGTH DATA ELEMENTS--GENERAL INFORMATION
fixed length control field 841022r19841951enk || 000 1|eng
015 ## - NATIONAL BIBLIOGRAPHY NUMBER
National bibliography number GB8437212
Source bnb
020 ## - INTERNATIONAL STANDARD BOOK NUMBER
International Standard Book Number 9780241984758
039 0# - LEVEL OF BIBLIOGRAPHIC CONTROL AND CODING DETAIL [OBSOLETE]
Level of rules in bibliographic description 1813
040 ## - CATALOGING SOURCE
Original cataloging agency Uk
Transcribing agency Uk
082 04 - DEWEY DECIMAL CLASSIFICATION NUMBER
Classification number FIC SAL
100 1# - MAIN ENTRY--PERSONAL NAME
Personal name Salinger, J. D.
Fuller form of name (Jerome David),
Dates associated with a name 1919-2010.
Relator term author
245 14 - TITLE STATEMENT
Title The catcher in the rye /
Statement of responsibility, etc. J.D. Salinger.
250 ## - EDITION STATEMENT
Edition statement Hardback edition
260 ## - PUBLICATION, DISTRIBUTION, ETC.
Place of publication, distribution, etc. Harmondsworth :
Name of publisher, distributor, etc. Penguin in association with Hamilton,
Date of publication, distribution, etc. 2018.
300 ## - PHYSICAL DESCRIPTION
Extent 228p. ;
Dimensions 21 cm.
336 ## - CONTENT TYPE
Content type term text
Source rdacontent
337 ## - MEDIA TYPE
Media type term unmediated
Source rdamedia
338 ## - CARRIER TYPE
Carrier type term volume
Source rdacarrier
500 ## - GENERAL NOTE
General note Originally published: London : Hamilton, 1951.
653 ## - INDEX TERM--UNCONTROLLED
Uncontrolled term Fiction in English
-- American writers
-- 1945-
-- Texts
942 ## - ADDED ENTRY ELEMENTS (KOHA)
Source of classification or shelving scheme
Koha item type Books - Fiction
Holdings
Withdrawn status Lost status Source of classification or shelving scheme Damaged status Not for loan Collection code Permanent Location Current Location Shelving location Date acquired Total Checkouts Total Renewals Full call number Barcode Date due Date last seen Date last checked out Price effective from Koha item type
          Fiction KH8 Senior School Library KH8 Senior School Library Fiction 2019-09-11 2 1 FIC SAL 3KHSL000101350 2020-04-19 2020-03-17 2020-03-17 2019-09-11 Books - Fiction

Powered By KH8 IT Dept